<?xml version="1.0" encoding="UTF-8"?>
<record
    xmlns:xsi="http://www.w3.org/2001/XMLSchema-instance"
    xsi:schemaLocation="http://www.loc.gov/MARC21/slim http://www.loc.gov/standards/marcxml/schema/MARC21slim.xsd"
    xmlns="http://www.loc.gov/MARC21/slim">

  <leader>01136nam a2200337 a 4500</leader>
  <controlfield tag="001">52481241</controlfield>
  <controlfield tag="003">OCoLC</controlfield>
  <controlfield tag="005">20150408113723.0</controlfield>
  <controlfield tag="008">030623s2003    au a     b    100 0 eng  </controlfield>
  <datafield tag="020" ind1=" " ind2=" ">
    <subfield code="a">3211004556</subfield>
  </datafield>
  <datafield tag="035" ind1=" " ind2=" ">
    <subfield code="a">.b58712732</subfield>
  </datafield>
  <datafield tag="040" ind1=" " ind2=" ">
    <subfield code="a">NLM</subfield>
    <subfield code="c">NLM</subfield>
    <subfield code="d">CUI</subfield>
    <subfield code="d">OHX</subfield>
    <subfield code="d">IXA</subfield>
  </datafield>
  <datafield tag="042" ind1=" " ind2=" ">
    <subfield code="a">nlmcopyc</subfield>
  </datafield>
  <datafield tag="049" ind1=" " ind2=" ">
    <subfield code="a">OSUU</subfield>
  </datafield>
  <datafield tag="060" ind1="0" ind2="0">
    <subfield code="a">2003 O-186</subfield>
  </datafield>
  <datafield tag="060" ind1="1" ind2="0">
    <subfield code="a">WG 102</subfield>
    <subfield code="b">A244b 2003</subfield>
  </datafield>
  <datafield tag="072" ind1=" " ind2="7">
    <subfield code="a">QP</subfield>
    <subfield code="2">lcco</subfield>
  </datafield>
  <datafield tag="082" ind1=" " ind2=" ">
    <subfield code="2">21</subfield>
  </datafield>
  <datafield tag="111" ind1="2" ind2=" ">
    <subfield code="a">Advanced School on "Biomechanics of Soft Tissue"</subfield>
    <subfield code="d">(2001</subfield>
    <subfield code="c">Udine, Italy)10</subfield>
    <subfield code="9">5445</subfield>
  </datafield>
  <datafield tag="245" ind1=" " ind2=" ">
    <subfield code="a">Biomechanics of soft tissue in cardiovascular systems /</subfield>
    <subfield code="c">edited by Gerhard A. Holzapfel, Ray W. Ogden.  </subfield>
  </datafield>
  <datafield tag="260" ind1=" " ind2=" ">
    <subfield code="a">Wien ;</subfield>
    <subfield code="a">New York</subfield>
    <subfield code="b">Springer,</subfield>
    <subfield code="c">c2003.  </subfield>
  </datafield>
  <datafield tag="300" ind1=" " ind2=" ">
    <subfield code="b">ill. ;</subfield>
    <subfield code="c">25 cm.1 </subfield>
    <subfield code="a">CI</subfield>
  </datafield>
  <datafield tag="440" ind1=" " ind2=" ">
    <subfield code="a">Courses and lectures </subfield>
    <subfield code="n">441</subfield>
    <subfield code="9">5446</subfield>
  </datafield>
  <datafield tag="490" ind1=" " ind2=" ">
    <subfield code="v">no. 441.  </subfield>
    <subfield code="a">"C</subfield>
  </datafield>
  <datafield tag="650" ind1=" " ind2=" ">
    <subfield code="a">Biomechanics</subfield>
    <subfield code="v">Congresses. 0</subfield>
    <subfield code="9">5447</subfield>
  </datafield>
  <datafield tag="650" ind1=" " ind2=" ">
    <subfield code="a">Cardiovascular system </subfield>
    <subfield code="x">Mechanical properties</subfield>
    <subfield code="v">Congresses. 0</subfield>
    <subfield code="9">5448</subfield>
  </datafield>
  <datafield tag="650" ind1=" " ind2=" ">
    <subfield code="a">Vascular smooth muscle </subfield>
    <subfield code="x">Mechanical properties</subfield>
    <subfield code="v">Congresses.1 </subfield>
    <subfield code="9">5449</subfield>
  </datafield>
  <datafield tag="700" ind1=" " ind2=" ">
    <subfield code="a">Holzapfel, Gerhard A </subfield>
    <subfield code="9">5450</subfield>
  </datafield>
  <datafield tag="700" ind1=" " ind2=" ">
    <subfield code="d">Ogden, R. W., </subfield>
    <subfield code="a">Co</subfield>
    <subfield code="9">5451</subfield>
  </datafield>
  <datafield tag="942" ind1=" " ind2=" ">
    <subfield code="2">ddc</subfield>
    <subfield code="c">BOOK</subfield>
  </datafield>
  <datafield tag="999" ind1=" " ind2=" ">
    <subfield code="c">859</subfield>
    <subfield code="d">235359</subfield>
  </datafield>
  <datafield tag="952" ind1=" " ind2=" ">
    <subfield code="1">0</subfield>
    <subfield code="2">2013-03-10</subfield>
    <subfield code="4">0</subfield>
    <subfield code="7">0</subfield>
    <subfield code="a">617.4 B I S</subfield>
    <subfield code="d">2011-10-26</subfield>
    <subfield code="h">CL</subfield>
    <subfield code="i">00047980</subfield>
    <subfield code="m">CL</subfield>
    <subfield code="r">2013-03-10 00:00:00</subfield>
    <subfield code="t">BOOK</subfield>
    <subfield code="w">ddc</subfield>
    <subfield code="y">0</subfield>
  </datafield>
</record>
